Report of The Select Committee on Mines And Energy On the Petroleum ( Exploration And Production) Bill, 2016 (Record no. 1538)

MARC details
000 -LEADER
fixed length control field 00572nam a2200157Ia 4500
008 - FIXED-LENGTH DATA ELEMENTS--GENERAL INFORMATION
fixed length control field 240428s9999||||xx |||||||||||||| ||und||
041 ## - LANGUAGE CODE
Language code of text/sound track or separate title eng
082 ## - DEWEY DECIMAL CLASSIFICATION NUMBER
Classification number BR/PEP/16
100 ## - MAIN ENTRY--PERSONAL NAME
Personal name Committee on Mines And Energy
245 #0 - TITLE STATEMENT
Title Report of The Select Committee on Mines And Energy On the Petroleum ( Exploration And Production) Bill, 2016
260 ## - PUBLICATION, DISTRIBUTION, ETC.
Name of publisher, distributor, etc. Committee on Mines And Energy
Place of publication, distribution, etc. Accra
Date of publication, distribution, etc. 2016
300 ## - PHYSICAL DESCRIPTION
Extent 11p
650 ## - SUBJECT ADDED ENTRY--TOPICAL TERM
Topical term or geographic name entry element Bill 2016 - Report of The Select Committee on Mines And Energy On the Petroleum ( Exploration And Production) Bi
942 ## - ADDED ENTRY ELEMENTS (KOHA)
Koha item type Bills From Committees
Holdings
Withdrawn status Lost status Damaged status Not for loan Home library Current library Shelving location Date acquired Total checkouts Full call number Date last seen Copy number Price effective from Koha item type
        Main Library Main Library Open Shelves 03/08/2022   BR/PEP/16 1664 29/04/2024 1 29/04/2024 Bills From Committees
©2026  Parliament of Ghana Library - All rights reserved